000 00361nam a2200145Ia 4500
008 230711s9999||||xx |||||||||||||| ||und||
041 _aENG
082 _a720
_bTA-M
100 _aTafuri,Manfredo
245 0 _aModern Architecture
250 _a1st . Ed.
260 _c1976
_aEngland
_bFaber and Faber Publication Limited
650 _aArchitecture
942 _cBK
999 _c2223
_d2223